LEADER 01224nam 2200337 n 450 001 996383811903316 005 20221108003754.0 035 $a(CKB)1000000000598137 035 $a(EEBO)2248570852 035 $a(UnM)99842761 035 $a(EXLCZ)991000000000598137 100 $a19910522d1629 uy | 101 0 $aeng 135 $aurbn||||a|bb| 200 00$aBaptismall regeneration of elect infants$b[electronic resource] $eprofessed by the Church of England, according to the Scriptures, the primitiue Church, the present reformed churches, and many particular divines apart. By Cor: Burges .. 210 $aAt Oxford $cPrinted by I. L[ichfield] for Henry Curteyn$dAnn. Dom. 1629 215 $a[16], 347, [1] p 300 $aPrinter's name from STC. 300 $aReproduction of the original in Cambridge University Library. 330 $aeebo-0021 606 $aInfant baptism$vEarly works to 1800 615 0$aInfant baptism 700 $aBurges$b Cornelius$f1589?-1665.$01002137 801 0$bCu-RivES 801 1$bCu-RivES 801 2$bCStRLIN 801 2$bWaOLN 906 $aBOOK 912 $a996383811903316 996 $aBaptismall regeneration of elect infants$92378567 997 $aUNISA LEADER 03184oam 2200589zu 450 001 996339084703316 005 20221206104529.0 010 $a1-56286-570-6 010 $a1-78268-791-2 035 $a(CKB)3400000000021077 035 $a(SSID)ssj0000379944 035 $a(PQKBManifestationID)12152729 035 $a(PQKBTitleCode)TC0000379944 035 $a(PQKBWorkID)10372297 035 $a(PQKB)10769404 035 $a(CaSebORM)9781562865122 035 $a(MiAaPQ)686477 035 $a(EXLCZ)993400000000021077 100 $a20160829d2008 uy 101 0 $aeng 135 $aurunu||||| 181 $ctxt 182 $cc 183 $acr 200 00$aASTD Handbook for Workplace Learning Professionals 205 $a1st edition 210 31$a[Place of publication not identified]$cAmerican Society for Training & Development$d2008 215 $a1 online resource (1 v.) $cill 300 $aBibliographic Level Mode of Issuance: Monograph 311 $a1-56286-512-9 320 $aIncludes bibliographical references and index. 327 $aLearning in the workplace -- Assessing the analyzing needs -- Designing and developing effective learning -- Face-to-face delivery, as important as ever -- Delivering technology-enabled learning -- Measuring and evaluating impact -- Organizational level applications -- Managing the learning and performance function -- The WLP professional. 330 $a?Authoritative, complete, and current, the ASTD Handbook for Workplace Learning Professionals is an easy-to-use, must-have reference tool for all learning professionals. This 'go to' resource and reference guide, edited by Elaine Biech, is packed full of key methodologies, practices, and procedures on every topic including training design and delivery, analyzing needs, measurement and evaluation, e-learning, organization development, managing the learning function, and human performance improvement. The ASTD Handbook brings together authors who represent the best practitioners in the field, authorities to present the most critical information to professionals. Contributors include Bill Wiggenhorn, Geary Rummler, Robert Mager, Bill Byham, Elliot Masie, Donald Kirkpatrick, John Cone, Donnee Ramelli, Tony Bingham, and other industry leaders. Included in this volume are a complete glossary and a CD-ROM with supporting worksheets and tools.? Note: CD-ROM is not available for this title. 606 $aEmployees$xTraining of 606 $aEmployees$xTraining of$xComputer-assisted instruction 606 $aMarketing & Sales$2HILCC 606 $aCommerce$2HILCC 606 $aBusiness & Economics$2HILCC 615 0$aEmployees$xTraining of 615 0$aEmployees$xTraining of$xComputer-assisted instruction 615 7$aMarketing & Sales 615 7$aCommerce 615 7$aBusiness & Economics 676 $a658.3124 700 $aBiech$b Elaine$0859087 702 $aBiech$b Elaine 712 02$aAmerican Society for Training and Development 801 0$bPQKB 906 $aBOOK 912 $a996339084703316 996 $aASTD Handbook for Workplace Learning Professionals$92400545 997 $aUNISA LEADER 01035nas 2200361 c 450 001 9910892189403321 005 20260218110611.0 024 7 $aurn:nbn:de:hebis:30:3-669306 035 $a(DE-599)ZDB3122152-X 035 $a(OCoLC)1333056045 035 $a(DE-101)1260379043 035 $a(CKB)4950000000714614 035 $a(DE-599)3122152-X 035 $a(EXLCZ)994950000000714614 100 $a20220620b19822008 |y | 101 0 $ager 135 $aur||||||||||| 181 $ctxt$2rdacontent 182 $cc$2rdamedia 183 $acr$2rdacarrier 200 10$aMitteilungen ..$fAkademie der Arbeit in der Universita?t Frankfurt 210 31$aFrankfurt$cAkademie der Arbeit in der Universita?t Frankfurt am Main$d[1982-2008] 215 $aOnline-Ressource 300 $aGesehen am 20.06.2022 608 $aZeitschrift$2gnd-content 676 $a370 801 0$b0030 801 1$bDE-101 801 2$b9999 906 $aJOURNAL 912 $a9910892189403321 996 $aMitteilungen$91921076 997 $aUNINA